[Event "London Mindsports IM"]
[Site "London"]
[Date "2022.09.12"]
[Round "5"]
[White "Holland, James P"]
[Black "Large, Peter G"]
[Result "1/2-1/2"]
[WhiteElo "2247"]
[BlackElo "2298"]
[PlyCount "85"]
[EventDate "2022.09.09"]
[EventType "tourn"]
[EventRounds "9"]
[EventCountry "ENG"]
[EventCategory "2"]
[SourceTitle "CBM 210 Extra"]
[Source "ChessBase"]
[SourceDate "2022.11.30"]
[SourceVersion "1"]
[SourceVersionDate "2022.11.30"]
[SourceQuality "1"]

1. e4 e6 2. d4 d5 3. Nd2 Nc6 4. c3 e5 5. exd5 Qxd5 6. Ngf3 exd4 7. Bc4 Qh5 8. 0-0 Nf6 9. Nxd4 Qxd1 10. Rxd1 Nxd4 11. cxd4 Be6 12. Re1 Kd7 13. Nf3 Bd6 14. Ne5+ Bxe5 15. Bb5+ c6 16. dxe5 Nd5 17. Bd3 h6 18. f4 g6 19. Be4 h5 20. Be3 Nxe3 21. Rxe3 Rhd8 22. Kf2 Ke7 23. Rd3 Bc4 24. Rxd8 Rxd8 25. Ke3 Bd5 26. Rd1 Bxe4 27. Rxd8 Kxd8 28. Kxe4 Ke7 29. g3 Ke6 30. h3 f6 31. exf6 Kxf6 32. g4 h4 33. Kd4 b6 34. b4 Ke6 35. a4 Kd6 36. Kc4 Ke6 37. a5 Kd6 38. a6 Ke6 39. Kd4 Kf6 40. Kc4 Ke6 41. Kd4 Kf6 42. Ke4 Ke6 43. Kd4 1/2-1/2

[Event "Novi Sad Serbia op-A"]
[Site "Novi Sad"]
[Date "2022.07.01"]
[Round "4"]
[White "Holland, James P"]
[Black "Vaibhav, Jayant Raut"]
[Result "1-0"]
[WhiteElo "2245"]
[BlackElo "2140"]
[PlyCount "47"]
[EventDate "2022.06.28"]
[EventType "swiss"]
[EventRounds "9"]
[EventCountry "SRB"]
[SourceTitle "EXT 2023"]
[Source "ChessBase"]
[SourceDate "2022.10.05"]
[SourceVersion "1"]
[SourceVersionDate "2022.10.05"]
[SourceQuality "1"]

1. e4 c5 2. Nc3 Nc6 3. Bb5 g6 4. Bxc6 dxc6 5. d3 Bg7 6. Be3 b6 7. f4 Nf6 8. Nf3 Nd7 9. 0-0 Nf8 10. a4 Ne6 11. a5 Ba6 12. axb6 axb6 13. Qd2 Nd4 14. b3 0-0 15. Rae1 Bc8 16. Na4 f5 17. e5 Nxf3+ 18. Rxf3 Be6 19. Rff1 Ra6 20. Qf2 Bd5 21. Ra1 g5 22. c4 gxf4 23. Bxf4 Bf7 24. Rad1 1-0

[Event "Novi Sad Serbia op-A"]
[Site "Novi Sad"]
[Date "2022.06.28"]
[Round "1"]
[White "Arjun, Kalyan"]
[Black "Holland, James P"]
[Result "1/2-1/2"]
[WhiteElo "2499"]
[BlackElo "2245"]
[PlyCount "151"]
[EventDate "2022.06.28"]
[EventType "swiss"]
[EventRounds "9"]
[EventCountry "SRB"]
[SourceTitle "EXT 2023"]
[Source "ChessBase"]
[SourceDate "2022.10.05"]
[SourceVersion "1"]
[SourceVersionDate "2022.10.05"]
[SourceQuality "1"]

1. e4 c5 2. Nf3 d6 3. d4 cxd4 4. Nxd4 Nf6 5. Nc3 g6 6. Be3 a6 7. f3 h5 8. Qd2 e5 9. Nb3 Be6 10. Nd5 Bxd5 11. exd5 Nbd7 12. 0-0-0 Qc7 13. Kb1 Bg7 14. c4 0-0 15. h3 Rfc8 16. g4 a5 17. g5 Ne8 18. a3 a4 19. Na1 Qa5 20. Qxa5 Rxa5 21. h4 Nc5 22. Bh3 Rb8 23. Nc2 Bf8 24. Nb4 Ng7 25. f4 e4 26. Nc2 Nf5 27. Bxf5 gxf5 28. Nd4 Nd3 29. Nxf5 b5 30. Bd2 Ra6 31. Bc3 bxc4 32. Rd2 Rab6 33. Rf1 Rb5 34. Nd4 Rxd5 35. f5 Rc5 36. Rg2 Ne5 37. g6 Ng4 38. gxf7+ Kxf7 39. Ne6 Ne3 40. Nxc5 dxc5 41. Rfg1 Nxg2 42. Rxg2 e3 43. Kc2 Re8 44. Kd1 Re4 45. Ke2 Rxh4 46. Rg6 Re4 47. Rf6+ Kg8 48. Rg6+ Kf7 49. Rg5 Rh4 50. Rg6 Re4 51. Kf3 Re7 52. Rf6+ Kg8 53. Rg6+ Kf7 54. Rf6+ Kg8 55. Ra6 e2 56. Kf2 h4 57. Rg6+ Kf7 58. Rg4 h3 59. f6 Re6 60. Rh4 e1B+ 61. Bxe1 Rxf6+ 62. Kg3 Re6 63. Bc3 Bg7 64. Rf4+ Bf6 65. Kxh3 Ke7 66. Rxc4 Re3+ 67. Kg4 Bxc3 68. bxc3 Kd6 69. Rxa4 Rxc3 70. Ra8 Rc1 71. Kf3 Re1 72. a4 Kc6 73. Rc8+ Kb6 74. Rb8+ Ka5 75. Rb5+ Kxa4 76. Rxc5 1/2-1/2

[Event "BCF-chT 2122 (4NCL)"]
[Site "England"]
[Date "2022.06.26"]
[Round "11.41"]
[White "Clarke, Brandon GI"]
[Black "Holland, James P"]
[Result "1-0"]
[WhiteElo "2430"]
[BlackElo "2224"]
[PlyCount "91"]
[EventDate "2021.11.27"]
[EventType "team-swiss"]
[EventRounds "11"]
[EventCountry "ENG"]
[SourceTitle "EXT 2023"]
[Source "ChessBase"]
[SourceDate "2022.10.05"]
[SourceVersion "1"]
[SourceVersionDate "2022.10.05"]
[SourceQuality "1"]
[WhiteTeam "Guildford Young Guns"]
[BlackTeam "The Sharks"]
[WhiteTeamCountry "ENG"]
[BlackTeamCountry "ENG"]

1. e4 c5 2. Nf3 d6 3. d4 cxd4 4. Nxd4 Nf6 5. Nc3 g6 6. Be3 a6 7. f3 h5 8. Qd2 e5 9. Nb3 Be6 10. 0-0-0 Nbd7 11. Kb1 Rc8 12. Bd3 b5 13. f4 Be7 14. h3 Qc7 15. Rhe1 Qb8 16. Nd5 Nxd5 17. exd5 Bxd5 18. Bxb5 Qxb5 19. Qxd5 Qxd5 20. Rxd5 0-0 21. fxe5 Nxe5 22. Bc5 dxc5 23. Rdxe5 Bd6 24. Rd5 Bg3 25. Re3 Bf2 26. Re2 Bg1 27. c3 Rfe8 28. Rde5 Rxe5 29. Rxe5 Kg7 30. Kc2 Kf6 31. Re2 Kg5 32. Re1 Bh2 33. Re7 Kh4 34. Nd2 f5 35. Re6 g5 36. Rf6 f4 37. Rg6 g4 38. hxg4 hxg4 39. Ne4 Rh8 40. Kd3 f3 41. gxf3 gxf3 42. Ke3 Be5 43. Kxf3 Rf8+ 44. Ke3 c4 45. Rxa6 Rb8 46. Nd2 1-0

[Event "BCF-chT 2122 (4NCL)"]
[Site "England"]
[Date "2022.05.02"]
[Round "9.55"]
[White "Holland, James P"]
[Black "Franklin, Samuel Gideon"]
[Result "1/2-1/2"]
[WhiteElo "2224"]
[BlackElo "2335"]
[PlyCount "37"]
[EventDate "2021.11.27"]
[EventType "team-swiss"]
[EventRounds "11"]
[EventCountry "ENG"]
[SourceTitle "EXT 2023"]
[Source "ChessBase"]
[SourceDate "2022.10.05"]
[SourceVersion "1"]
[SourceVersionDate "2022.10.05"]
[SourceQuality "1"]
[WhiteTeam "The Sharks"]
[BlackTeam "Barbican"]
[WhiteTeamCountry "ENG"]
[BlackTeamCountry "ENG"]

1. e4 e5 2. Nf3 Nc6 3. Bb5 a6 4. Ba4 Nf6 5. d3 d6 6. c3 g6 7. Nbd2 Bg7 8. Nf1 0-0 9. Bg5 h6 10. Bh4 d5 11. exd5 Qxd5 12. Ne3 Qc5 13. 0-0 Nd5 14. Bg3 Nxe3 15. fxe3 Qxe3+ 16. Bf2 Qf4 17. Bg3 Qe3+ 18. Bf2 Qf4 19. Bg3 1/2-1/2

[Event "BCF-chT 2122 (4NCL)"]
[Site "England"]
[Date "2022.03.26"]
[Round "5.35"]
[White "Holland, James P"]
[Black "Eggleston, David"]
[Result "1/2-1/2"]
[WhiteElo "2224"]
[BlackElo "2343"]
[PlyCount "47"]
[EventDate "2021.11.27"]
[EventType "team-swiss"]
[EventRounds "11"]
[EventCountry "ENG"]
[SourceTitle "EXT 2023"]
[Source "ChessBase"]
[SourceDate "2022.10.05"]
[SourceVersion "1"]
[SourceVersionDate "2022.10.05"]
[SourceQuality "1"]
[WhiteTeam "The Sharks"]
[BlackTeam "Cheddleton"]
[WhiteTeamCountry "ENG"]
[BlackTeamCountry "ENG"]

1. e4 e6 2. f4 d5 3. Nc3 dxe4 4. Nxe4 Nf6 5. Nxf6+ Qxf6 6. d4 Bd6 7. g3 c5 8. Nf3 Nc6 9. Be3 cxd4 10. Nxd4 e5 11. Nb5 Bb8 12. Bc5 exf4 13. Qe2+ Qe5 14. gxf4 Qxe2+ 15. Bxe2 Bxf4 16. 0-0 Be5 17. Bc4 Be6 18. Bxe6 fxe6 19. Rae1 a6 20. Nd6+ Bxd6 21. Rxe6+ Be7 22. Bxe7 Nxe7 23. Rfe1 0-0-0 24. Rxe7 1/2-1/2

[Event "BCF-chTb 1920 (4NCL)"]
[Site "Daventry"]
[Date "2020.03.01"]
[Round "2.55"]
[White "Holland, James P"]
[Black "Galyas, Miklos"]
[Result "0-1"]
[WhiteElo "2228"]
[BlackElo "2469"]
[PlyCount "72"]
[EventDate "2019.11.09"]
[EventType "team-tourn"]
[EventRounds "11"]
[EventCountry "ENG"]
[SourceTitle "CBM 195 Extra"]
[Source "ChessBase"]
[SourceDate "2020.05.31"]
[SourceVersion "1"]
[SourceVersionDate "2020.05.31"]
[SourceQuality "1"]
[WhiteTeam "Grantham Sharks"]
[BlackTeam "Chess.com Manx Liberty"]
[WhiteTeamCountry "ENG"]
[BlackTeamCountry "ENG"]

1. e4 d6 2. d4 g6 3. Nc3 c6 4. Bc4 Bg7 5. Nf3 Nf6 6. Qe2 0-0 7. a4 Bg4 8. 0-0 Nbd7 9. Rd1 Qc7 10. h3 Bxf3 11. Qxf3 a6 12. a5 c5 13. dxc5 Qxc5 14. Bb3 Rac8 15. Be3 Qc7 16. Bd4 e6 17. Qg3 Nh5 18. Qe3 Be5 19. g3 Rfd8 20. f4 Bxd4 21. Rxd4 Nc5 22. Ba2 b5 23. Rad1 Nb7 24. f5 Ng7 25. g4 Nxa5 26. fxe6 fxe6 27. e5 d5 28. Bxd5 exd5 29. Nxd5 Rxd5 30. Rxd5 Nc4 31. Qg5 Ne6 32. Qf6 Qb6+ 33. Kh1 Qc6 34. Qf3 Rf8 35. Qe4 Ng5 36. Qd4 Nb6 0-1

[Event "Paracin Summer op-A 12th"]
[Site "Paracin"]
[Date "2019.07.12"]
[Round "9"]
[White "Wadsworth, Matthew J"]
[Black "Holland, James P"]
[Result "1-0"]
[WhiteElo "2418"]
[BlackElo "2263"]
[PlyCount "77"]
[EventDate "2019.07.05"]
[EventType "swiss"]
[EventRounds "9"]
[EventCountry "SRB"]
[SourceTitle "CBM 191 Extra"]
[Source "ChessBase"]
[SourceDate "2019.09.30"]
[SourceVersion "1"]
[SourceVersionDate "2019.09.30"]
[SourceQuality "1"]

1. Nf3 d5 2. g3 c5 3. Bg2 Nc6 4. c4 d4 5. d3 Nf6 6. 0-0 e6 7. e3 Be7 8. exd4 cxd4 9. Re1 0-0 10. Na3 Re8 11. Nc2 a5 12. Ne5 Nxe5 13. Rxe5 Nd7 14. Re1 Nc5 15. b3 Bf6 16. Ba3 Qc7 17. Qf3 Rb8 18. Bxc5 Qxc5 19. a3 Bd7 20. b4 Qc7 21. Re2 e5 22. Rae1 Ba4 23. b5 Bxc2 24. Rxc2 Qc5 25. Ra2 b6 26. h4 Re7 27. h5 e4 28. Rxe4 Rxe4 29. Qxe4 Qxh5 30. Re2 Qc5 31. a4 Qd6 32. Qc6 Be7 33. Re4 Qc5 34. Qd7 Bf6 35. Re2 Qc8 36. Qc6 h5 37. Re4 Qd8 38. Bh3 g5 39. Bd7 1-0

[Event "Paracin Summer op-A 12th"]
[Site "Paracin"]
[Date "2019.07.11"]
[Round "8"]
[White "Holland, James P"]
[Black "Martic, Ivan"]
[Result "1/2-1/2"]
[WhiteElo "2263"]
[BlackElo "2392"]
[PlyCount "42"]
[EventDate "2019.07.05"]
[EventType "swiss"]
[EventRounds "9"]
[EventCountry "SRB"]
[SourceTitle "CBM 191 Extra"]
[Source "ChessBase"]
[SourceDate "2019.09.30"]
[SourceVersion "1"]
[SourceVersionDate "2019.09.30"]
[SourceQuality "1"]

1. e4 c5 2. Nf3 d6 3. d4 cxd4 4. Nxd4 Nf6 5. Nc3 e6 6. g3 Nc6 7. Bg2 Bd7 8. 0-0 a6 9. Re1 Be7 10. a4 0-0 11. b3 Rc8 12. Bb2 Qc7 13. Qd3 Nxd4 14. Qxd4 e5 15. Qe3 Rfd8 16. Re2 b6 17. Qd3 Qb7 18. Rae1 b5 19. axb5 axb5 20. Nd5 Nxd5 21. exd5 b4 1/2-1/2

[Event "Paracin Summer op-A 12th"]
[Site "Paracin"]
[Date "2019.07.10"]
[Round "7"]
[White "Mitali, Madhukar Patil"]
[Black "Holland, James P"]
[Result "0-1"]
[WhiteElo "2009"]
[BlackElo "2263"]
[PlyCount "78"]
[EventDate "2019.07.05"]
[EventType "swiss"]
[EventRounds "9"]
[EventCountry "SRB"]
[SourceTitle "EXT 2020"]
[Source "ChessBase"]
[SourceDate "2019.10.17"]
[SourceVersion "1"]
[SourceVersionDate "2019.10.17"]
[SourceQuality "1"]

1. e4 c5 2. c3 d5 3. exd5 Qxd5 4. d4 g6 5. Na3 Bg7 6. Be3 cxd4 7. Nb5 Na6 8. Bxd4 Nf6 9. Nxa7 Bd7 10. Nf3 0-0 11. Be2 Nc5 12. c4 Qf5 13. Nh4 Qg5 14. Nf3 Qf5 15. Nh4 Qe4 16. Bxc5 Qxh4 17. 0-0 Be6 18. Qc2 Ng4 19. Bxg4 Qxg4 20. Rfe1 Rfd8 21. Red1 Bxc4 22. h3 Qe6 23. Rxd8+ Rxd8 24. Rd1 Bd5 25. a4 Be5 26. b4 Bb8 27. a5 Qe5 28. g3 h5 29. Bb6 Re8 30. Bd4 Qe6 31. Be3 Bf3 32. Kh2 Bxd1 33. Qxd1 h4 34. Qf3 hxg3+ 35. fxg3 Rd8 36. Nb5 Rd3 37. Qxb7 Bxg3+ 38. Kxg3 Qxe3+ 39. Kg2 Qe2+ 0-1

[Event "BCF-chT2 1819 (4NCL) Demotion"]
[Site "England"]
[Date "2019.05.05"]
[Round "10.61"]
[White "Holland, James P"]
[Black "Pitcher, John"]
[Result "1-0"]
[WhiteElo "2270"]
[BlackElo "2261"]
[PlyCount "91"]
[EventDate "2018.11.10"]
[EventType "team-tourn"]
[EventRounds "11"]
[EventCountry "ENG"]
[SourceTitle "EXT 2021"]
[Source "ChessBase"]
[SourceDate "2020.10.23"]
[SourceVersion "1"]
[SourceVersionDate "2020.10.23"]
[SourceQuality "1"]
[WhiteTeam "Grantham Sharks II"]
[BlackTeam "Warwicks Select"]
[WhiteTeamCountry "ENG"]
[BlackTeamCountry "ENG"]

1. e4 c5 2. Nf3 e6 3. g3 Nc6 4. Bg2 Nf6 5. Qe2 d6 6. 0-0 Be7 7. e5 Nd5 8. d3 dxe5 9. Nxe5 Nxe5 10. Qxe5 0-0 11. a3 Bd6 12. Qe2 Qc7 13. c4 Ne7 14. Nc3 Bd7 15. Ne4 Nc6 16. Be3 b6 17. b4 Be5 18. Rab1 cxb4 19. axb4 Rad8 20. b5 Nd4 21. Bxd4 Bxd4 22. Ng5 Bf6 23. Nf3 Bc8 24. Ne1 Bb7 25. Bxb7 Qxb7 26. Nc2 Rd7 27. Nb4 Bc3 28. Nc6 a5 29. Rfc1 Bd4 30. Qf3 e5 31. Nxd4 exd4 32. Qxb7 Rxb7 33. c5 bxc5 34. Rxc5 Rfb8 35. Kg2 Kf8 36. Kf3 Rd8 37. Ra1 Rb6 38. Rxa5 Rd7 39. Ra6 Rb8 40. Ke4 Re8+ 41. Re5 Red8 42. Rc6 f6 43. Rec5 Re8+ 44. Kf3 Ree7 45. b6 Rb7 46. Rd5 1-0

[Event "BCF-chTb 1819 (4NCL)"]
[Site "Daventry"]
[Date "2019.03.16"]
[Round "7.85"]
[White "Holland, James P"]
[Black "Ranaldi, Lucas"]
[Result "0-1"]
[WhiteElo "2269"]
[BlackElo "2279"]
[PlyCount "56"]
[EventDate "2018.11.10"]
[EventType "team-tourn"]
[EventRounds "11"]
[EventCountry "ENG"]
[SourceTitle "CBM 189 Extra"]
[Source "ChessBase"]
[SourceDate "2019.06.03"]
[SourceVersion "1"]
[SourceVersionDate "2019.06.03"]
[SourceQuality "1"]
[WhiteTeam "Grantham Sharks"]
[BlackTeam "3CS Oldham"]
[WhiteTeamCountry "ENG"]
[BlackTeamCountry "ENG"]

1. Nc3 d5 2. d4 Nf6 3. Bf4 a6 4. e3 e6 5. Nf3 c5 6. dxc5 Bxc5 7. Bd3 Nbd7 8. g4 Bb4 9. Nd2 e5 10. Bg3 h5 11. gxh5 Bxc3 12. bxc3 Nxh5 13. e4 Nxg3 14. fxg3 Nf6 15. Qe2 d4 16. cxd4 Qxd4 17. Nb3 Qc3+ 18. Qd2 Qc7 19. Qg5 Kf8 20. Qe3 Bh3 21. 0-0-0 Rc8 22. Rd2 a5 23. Bb5 a4 24. Nc5 Qb6 25. Qa3 Rxc5 26. Rd8+ Qxd8 27. Qxc5+ Qe7 28. Rd1 Qxc5 0-1

[Event "Riga Tech op 8th"]
[Site "Riga"]
[Date "2018.08.07"]
[Round "2"]
[White "Pershin, Denis"]
[Black "Holland, James P"]
[Result "1-0"]
[WhiteElo "2403"]
[BlackElo "2212"]
[PlyCount "65"]
[EventDate "2018.08.06"]
[EventType "swiss"]
[EventRounds "9"]
[EventCountry "LAT"]
[SourceTitle "CBM 185 Extra"]
[Source "ChessBase"]
[SourceDate "2018.07.29"]
[SourceVersion "1"]
[SourceVersionDate "2018.07.29"]
[SourceQuality "1"]

1. d4 Nf6 2. Bf4 d5 3. e3 g6 4. Nc3 Bg7 5. h4 c5 6. Nb5 Na6 7. c3 Bg4 8. Be2 h5 9. Nf3 Bxf3 10. Bxf3 Qb6 11. a4 Rc8 12. Qe2 c4 13. b3 cxb3 14. 0-0 0-0 15. Rfb1 Qa5 16. Rxb3 Nb8 17. Qb2 Nbd7 18. Rb4 Ne4 19. Bxe4 dxe4 20. Nxa7 Qxa7 21. Rxb7 Qa5 22. Rxd7 e5 23. Bxe5 Bxe5 24. dxe5 Qxe5 25. a5 Rxc3 26. a6 Qf5 27. Rb7 Rcc8 28. a7 Ra8 29. Rb8 Qd5 30. Qb7 Qxb7 31. Rxb7 Kg7 32. Ra4 Rfe8 33. Rd4 1-0

[Event "GBR-ch 105th Morning op"]
[Site "Hull"]
[Date "2018.08.03"]
[Round "5"]
[White "Wells, Jonathan C"]
[Black "Holland, James P"]
[Result "0-1"]
[WhiteElo "1955"]
[BlackElo "2217"]
[PlyCount "66"]
[EventDate "2018.07.30"]
[EventType "swiss"]
[EventRounds "5"]
[EventCountry "ENG"]
[SourceTitle "EXT 2019"]
[Source "ChessBase"]
[SourceDate "2018.10.10"]
[SourceVersion "1"]
[SourceVersionDate "2018.10.10"]
[SourceQuality "1"]

1. d4 Nf6 2. c4 g6 3. g3 c5 4. d5 e6 5. Nc3 exd5 6. cxd5 Bg7 7. Bg2 d6 8. Nf3 0-0 9. 0-0 a6 10. a4 Re8 11. Nd2 Nbd7 12. Nc4 Ne5 13. Na3 Nh5 14. e4 f5 15. Nc2 Rb8 16. a5 b5 17. axb6 Rxb6 18. Qe2 Rb3 19. f4 Ng4 20. h3 Ngf6 21. Qc4 Rxc3 22. Qxc3 Nxe4 23. Qa5 Qe7 24. Ra3 Nhxg3 25. Re1 Qh4 26. Qa4 Re7 27. Rae3 Bh6 28. Rf3 Bb7 29. Qb3 Nh5 30. Ref1 Neg3 31. Re1 Ne2+ 32. Kh2 Nxc1 33. Rxc1 Bxf4+ 0-1

[Event "GBR-ch 105th Morning op"]
[Site "Hull"]
[Date "2018.08.02"]
[Round "4"]
[White "Holland, James P"]
[Black "Villiers, Thomas"]
[Result "1/2-1/2"]
[WhiteElo "2217"]
[BlackElo "2173"]
[PlyCount "69"]
[EventDate "2018.07.30"]
[EventType "swiss"]
[EventRounds "5"]
[EventCountry "ENG"]
[SourceTitle "EXT 2019"]
[Source "ChessBase"]
[SourceDate "2018.10.10"]
[SourceVersion "1"]
[SourceVersionDate "2018.10.10"]
[SourceQuality "1"]

1. e4 e6 2. d4 d5 3. Nd2 dxe4 4. Nxe4 Nd7 5. g3 Ngf6 6. Nxf6+ Nxf6 7. Bg2 c5 8. Nf3 Qb6 9. 0-0 Bd7 10. dxc5 Bxc5 11. Ne5 Ba4 12. Qe2 0-0 13. b3 Bd4 14. Rb1 Bxe5 15. Qxe5 Bc6 16. c4 Bxg2 17. Kxg2 Rfd8 18. Bg5 Ng4 19. Qe2 Rd4 20. Rbd1 h6 21. Bf4 Nf6 22. Rxd4 Qxd4 23. Rd1 Qb6 24. Qf3 Qc6 25. Qxc6 bxc6 26. b4 Kf8 27. a4 a6 28. b5 axb5 29. axb5 cxb5 30. cxb5 Ra7 31. Rd8+ Ke7 32. Rb8 Nd7 33. b6 Ra6 34. Rb7 g5 35. Be3 1/2-1/2

[Event "GBR-ch 105th Weekend op"]
[Site "Hull"]
[Date "2018.07.29"]
[Round "4"]
[White "Holland, James P"]
[Black "Kilshaw, Joe"]
[Result "1-0"]
[WhiteElo "2217"]
[BlackElo "2031"]
[PlyCount "79"]
[EventDate "2018.07.27"]
[EventType "swiss"]
[EventRounds "5"]
[EventCountry "ENG"]
[SourceTitle "EXT 2019"]
[Source "ChessBase"]
[SourceDate "2018.10.10"]
[SourceVersion "1"]
[SourceVersionDate "2018.10.10"]
[SourceQuality "1"]

1. e4 d5 2. exd5 Qxd5 3. Nc3 Qd6 4. d4 Nf6 5. Bd3 c6 6. Nge2 Bg4 7. f3 Bh5 8. Bf4 Qd8 9. Ne4 Nxe4 10. fxe4 e6 11. Qd2 Be7 12. h3 h6 13. g4 Bg6 14. 0-0-0 Nd7 15. c4 Bg5 16. e5 Bxd3 17. Qxd3 Bxf4+ 18. Nxf4 Qc7 19. Nxe6 fxe6 20. Qg6+ Kd8 21. Qxg7 Re8 22. Rhf1 Re7 23. Rf7 Rxf7 24. Qxf7 Qa5 25. Qg8+ Kc7 26. Qxa8 Qxa2 27. Qe8 Qxc4+ 28. Kb1 Qe2 29. Rc1 Qd3+ 30. Ka2 Qa6+ 31. Kb3 Qb5+ 32. Kc3 Qa5+ 33. Kc2 Qa4+ 34. Kb1 Qxd4 35. Qxe6 Qe4+ 36. Ka1 Qa4+ 37. Qa2 Qxa2+ 38. Kxa2 Nxe5 39. Rf1 Nd7 40. Rf7 1-0

[Event "Telford 4NCL op-A 19th"]
[Site "Telford"]
[Date "2018.07.14"]
[Round "2"]
[White "Seymour, Timothy P"]
[Black "Holland, James P"]
[Result "1/2-1/2"]
[WhiteElo "2035"]
[BlackElo "2217"]
[PlyCount "40"]
[EventDate "2018.07.13"]
[EventType "swiss"]
[EventRounds "5"]
[EventCountry "ENG"]
[SourceTitle "CBM 185 Extra"]
[Source "ChessBase"]
[SourceDate "2018.07.29"]
[SourceVersion "1"]
[SourceVersionDate "2018.07.29"]
[SourceQuality "1"]

1. d4 Nf6 2. Nf3 g6 3. c4 Bg7 4. e3 0-0 5. Be2 c5 6. d5 d6 7. Nc3 e5 8. e4 Ne8 9. 0-0 f5 10. exf5 gxf5 11. g3 Nf6 12. Nh4 f4 13. gxf4 Bh3 14. fxe5 Bxf1 15. Bxf1 Nfd7 16. Qh5 Nxe5 17. Nf5 Qf6 18. Bh3 Qg6+ 19. Qxg6 hxg6 20. Nxd6 Nf3+ 1/2-1/2

[Event "BCF-chT1c 1415 (4NCL) Promotion pool"]
[Site "England"]
[Date "2015.05.04"]
[Round "11.147"]
[White "Holland, James P"]
[Black "Wadsworth, Matthew J"]
[Result "1/2-1/2"]
[WhiteElo "2252"]
[BlackElo "2335"]
[PlyCount "35"]
[EventDate "2014.11.15"]
[EventType "team-tourn"]
[EventRounds "4"]
[EventCountry "ENG"]
[SourceTitle "EXT 2023"]
[Source "ChessBase"]
[SourceDate "2022.10.05"]
[SourceVersion "1"]
[SourceVersionDate "2022.10.05"]
[SourceQuality "1"]
[WhiteTeam "Grantham Sharks"]
[BlackTeam "Guildford II"]
[WhiteTeamCountry "ENG"]
[BlackTeamCountry "ENG"]

1. e3 Nf6 2. d4 d5 3. c4 c6 4. Nc3 a6 5. Bd3 dxc4 6. Bxc4 b5 7. Bb3 e6 8. Qf3 Bb7 9. Nge2 Nbd7 10. 0-0 Rc8 11. Rd1 Qb6 12. e4 c5 13. d5 c4 14. Bc2 e5 15. Ng3 g6 16. Bg5 h6 17. Bd2 Bc5 18. b3 1/2-1/2

[Event "BCF-chT2c 1314 (4NCL)"]
[Site "England"]
[Date "2014.05.04"]
[Round "10.31"]
[White "Merry, Alan B"]
[Black "Holland, James P"]
[Result "1/2-1/2"]
[WhiteElo "2296"]
[BlackElo "2260"]
[PlyCount "50"]
[EventDate "2013.11.16"]
[EventType "team-tourn"]
[EventRounds "11"]
[EventCountry "ENG"]
[SourceTitle "EXT 2015"]
[Source "ChessBase"]
[SourceDate "2014.11.20"]
[SourceVersion "1"]
[SourceVersionDate "2014.11.20"]
[SourceQuality "1"]
[WhiteTeam "Anglian Avengers"]
[BlackTeam "BCM Dragons"]
[WhiteTeamCountry "ENG"]
[BlackTeamCountry "ENG"]

1. d4 d6 2. e4 e5 3. Nf3 Nf6 4. Nc3 Nc6 5. Bb5 Nd7 6. Be3 a6 7. Ba4 Be7 8. Nd5 0-0 9. Qe2 exd4 10. Bxd4 Nxd4 11. Nxd4 Nc5 12. Bb3 Bg5 13. 0-0 Re8 14. Nc3 Nxb3 15. axb3 d5 16. Rad1 c5 17. Nf3 d4 18. b4 Bd7 19. Qc4 Bg4 20. Qxc5 Bxf3 21. Rxd4 Qf6 22. gxf3 Rac8 23. Qd6 Re6 24. Qd7 Rce8 25. Rd3 h5 1/2-1/2

[Event "BCF-chT2c 1314 (4NCL)"]
[Site "England"]
[Date "2014.05.03"]
[Round "9.21"]
[White "Holland, James P"]
[Black "Lee, Richard WY"]
[Result "0-1"]
[WhiteElo "2260"]
[BlackElo "2152"]
[PlyCount "76"]
[EventDate "2013.11.16"]
[EventType "team-tourn"]
[EventRounds "11"]
[EventCountry "ENG"]
[SourceTitle "EXT 2015"]
[Source "ChessBase"]
[SourceDate "2014.11.20"]
[SourceVersion "1"]
[SourceVersionDate "2014.11.20"]
[SourceQuality "1"]
[WhiteTeam "BCM Dragons"]
[BlackTeam "Cambridge II"]
[WhiteTeamCountry "ENG"]
[BlackTeamCountry "ENG"]

1. Nf3 d5 2. c4 c6 3. g3 Nf6 4. Bg2 g6 5. 0-0 Bg7 6. b3 0-0 7. Bb2 b6 8. Nc3 Bb7 9. d4 Nbd7 10. Qc2 Qc7 11. e4 dxe4 12. Nxe4 Rfe8 13. Rfe1 e6 14. Ne5 c5 15. Nxf6+ Nxf6 16. Bxb7 Qxb7 17. dxc5 bxc5 18. Qd2 Red8 19. Qf4 a5 20. Re3 a4 21. Rae1 Rd2 22. Bc3 Rxa2 23. bxa4 R2xa4 24. g4 Rd8 25. h4 Qc7 26. h5 Nd5 27. Qe4 Nxc3 28. Rxc3 Rd4 29. Qc2 Bxe5 30. Qxa4 Rxg4+ 31. Kf1 Bxc3 32. h6 Qe7 33. Rb1 Bb4 34. Ra1 Rd4 35. Qa8+ Rd8 36. Qf3 Bd2 37. Ra7 Qxa7 38. Qf6 Bxh6 0-1

[Event "BCF-chT2b 1314 (4NCL)"]
[Site "England"]
[Date "2014.02.16"]
[Round "6.51"]
[White "Cobb, James"]
[Black "Holland, James P"]
[Result "1-0"]
[WhiteElo "2424"]
[BlackElo "2270"]
[PlyCount "71"]
[EventDate "2013.11.16"]
[EventType "team-swiss"]
[EventRounds "11"]
[EventCountry "ENG"]
[SourceTitle "EXT 2015"]
[Source "ChessBase"]
[SourceDate "2014.11.20"]
[SourceVersion "1"]
[SourceVersionDate "2014.11.20"]
[SourceQuality "1"]
[WhiteTeam "South Wales Dragons"]
[BlackTeam "BCM Dragons"]
[WhiteTeamCountry "ENG"]
[BlackTeamCountry "ENG"]

1. d4 d5 2. c4 e6 3. Nf3 c5 4. cxd5 exd5 5. Nc3 Nc6 6. g3 Nf6 7. Bg2 Be7 8. 0-0 0-0 9. dxc5 Bxc5 10. Bg5 d4 11. Bxf6 Qxf6 12. Nd5 Qf5 13. Nf4 Re8 14. Rc1 Bb6 15. Nd2 Ne5 16. Ne4 Rd8 17. Qb3 Be6 18. Nxe6 fxe6 19. Nd2 Rac8 20. Rxc8 Rxc8 21. Bxb7 Rf8 22. Kg2 Kh8 23. Be4 Qg4 24. f3 Qg5 25. Nc4 Nd7 26. Nxb6 Nxb6 27. Qxe6 Qb5 28. Qd6 Rc8 29. Qxd4 Qxe2+ 30. Rf2 Qe1 31. Rd2 Re8 32. b3 a5 33. Qf2 Qxf2+ 34. Kxf2 a4 35. bxa4 Nc4 36. Rd4 1-0